Wi-Foo

Αποθηκεύτηκε σε:
Λεπτομέρειες βιβλιογραφικής εγγραφής
Κύριος συγγραφέας: Vladimirov, Andrew A.
Άλλοι συγγραφείς: Gavrilenko, Konstantin V., Mikhailovsky, Andrei A.
Μορφή: Βιβλίο
Γλώσσα:English
Δημοσίευση: Boston, MA : Addison-Wesley, c2004
Θέματα:
Ετικέτες: Προσθήκη ετικέτας
Δεν υπάρχουν, Καταχωρήστε ετικέτα πρώτοι!

MARC

LEADER 00000nam a2200000 i 4500
001 1/69517
008 050114s2004 eng d
020 |a 0-321-20217-1 
035 |l 10075973 
040 |a GR-MY-UA  |b gre  |e aacr 
041 0 |a eng 
082 0 |a 005.8  |2 (21) 
100 1 |a Vladimirov, Andrew A. 
245 1 0 |a Wi-Foo /  |c Andrew A. Vladimirov, Konstantin V. Gavrilenko, Andrei A. Mikhailovsky 
260 |a Boston, MA :   |b Addison-Wesley,   |c c2004 
300 |a xxvii, 555 σ.;  |b εικ.;  |c 24 εκ. 
504 |a Περιέχει ευρετήριο 
650 0 0 |a Computer networks  |x Security measures. 
650 0 0 |a Wireless communication systems. 
700 1 |a Gavrilenko, Konstantin V. 
700 1 |a Mikhailovsky, Andrei A. 
852 |a INST  |b SAMOS  |e 20050114  |h 005.8 VLA  |p 005300022521  |q 005300022521  |t BK  |y 0 
901 |a BIBL3-2005-1 
909 |a Σ  |b 114171 
920 |a ΔΙΕΥΡΥΝΣΗ  |b ΕΠΕΑΕΚ-ΤΜΠΕΣ  |y ΣΑΜΟΣ  |z 2004-10 
970 |a ΚΟΣΙΕΡΗΣ  |b ΧΡΗΣΤΟΣ  |z 2005/01/14